| 000 | 00358nam a2200121Ia 4500 | ||
|---|---|---|---|
| 005 | 20251222144723.0 | ||
| 008 | 251222s9999||||xx |||||||||||||| ||spa|| | ||
| 020 | _a978-84-7666-192-5 | ||
| 082 | _a371.2/O65 | ||
| 245 | 0 | _aMetas Educativas 2021: | |
| 264 | _bOrganización de Estados Iberoamericanos para la Educación, la Ciencia y la Cultura | ||
| 942 | _cLIB | ||
| 999 |
_c18281 _d18281 |
||